Hodnotenie vplyvu značky na spotrebiteľské správanie

Určenie úlohy značky pri vzostupe ekonomiky a poukázanie na jej špecifické postavenie v trhových podmienkach. Asociácie prostredníctvom značky v mysli zákazníka a vytváranie zázemia pre náchylnosť ku kúpe danej značky.

Salvato in:
Dettagli Bibliografici
Autore principale: Dalalishvili, David
Natura: Capitolo di libro
Lingua:slovacco
Soggetti:
Tags: Aggiungi Tag
Nessun Tag, puoi essere il primo ad aggiungerne!!

MARC

LEADER 00000nla a2200000 4500
001 0168001
005 20221103131539.4
041 0 |a slo 
044 |a SK 
245 1 0 |a Hodnotenie vplyvu značky na spotrebiteľské správanie  |c David Dalalishvili 
520 |a Určenie úlohy značky pri vzostupe ekonomiky a poukázanie na jej špecifické postavenie v trhových podmienkach. Asociácie prostredníctvom značky v mysli zákazníka a vytváranie zázemia pre náchylnosť ku kúpe danej značky. 
610 2 0 |a správanie spotrebiteľa 
610 2 0 |a spokojnosť zákazníkov 
610 2 0 |a výrobky značkové 
610 2 0 |a značky výrobkov 
610 2 0 |a komunikácia marketingová 
610 2 0 |a lojálnosť zákazníkov 
100 1 |a Dalalishvili, David